000
00315nam a2200133Ia 4500
100
_a
Stevens/Richard W
942
_c
BK
654
_a
unix
245
_a
Unix network programing:the socket networking API
260
_b
Prentice Hall of India
_c
2004
082
_a
005.133U
_b
STE
300
_a
991
546
_a
ENGLISH
999
_c
26147
_d
26147